[Event "Reykjavik Open 2025"]
[Site "Reykjavik"]
[Date "2025.04.11"]
[Round "4.87"]
[White "Magnusson, Gisli"]
[Black "Weidenhoefer, Max"]
[Result "0-1"]
[WhiteElo "1857"]
[WhiteFideId "1437330"]
[BlackElo "2085"]
[BlackFideId "16230566"]
[Variant "Standard"]
[StudyName "ROpen - Rd4 - Boards 45-108"]
1. e4 c6 2. d4 d5 3. exd5 cxd5 4. Bd3 Nc6 5. c3 Nf6 6. Bf4 Bg4 7. Qb3 Qd7 8. Nd2 e6 9. Ngf3 Bd6 10. Bxd6 Qxd6 11. O-O O-O 12. Rae1 Qc7 13. Ne5 Bh5 14. Qc2 Rfc8 15. Qb1 Rab8 16. f4 b5 17. Nb3 b4 18. Nc5 Qd6 19. Na6 bxc3 20. Nxb8 Rxb8 21. Qc2 Nxd4 22. Qxc3 Qb6 23. Kh1 Nf5 24. Bxf5 exf5 25. Rc1 h6 26. Qc5 Qxb2 27. Nc6 Re8 28. Ne7+ Kh7 29. Qxa7 Be2 30. Rfe1 Bd3 31. Nc6 Be4 32. Rg1 Bxg2+ 33. Rxg2 Qxc1+ 0-1

[Event "Reykjavik Open 2025"]
[Site "Reykjavik"]
[Date "2025.04.11"]
[Round "4.88"]
[White "Patel, Zain"]
[Black "Rajkumar, Daniel"]
[Result "1/2-1/2"]
[WhiteElo "2079"]
[WhiteFideId "469246"]
[BlackElo "1855"]
[BlackFideId "143105003"]
[Variant "Standard"]
[StudyName "ROpen - Rd4 - Boards 45-108"]
1. Nf3 (1. e4) 1... Nf6 2. d4 d5 3. e3 Bf5 4. Bd3 Bxd3 5. Qxd3 c6 6. O-O e6 7. Nbd2 Bd6 8. b3 Nbd7 9. Bb2 O-O 10. e4 dxe4 11. Nxe4 Nxe4 12. Qxe4 Nf6 13. Qe2 Qc7 14. c4 Be7 15. Rac1 Rfe8 16. Rfd1 Rad8 17. Qd2 h6 18. h3 b6 19. Rc2 c5 20. Qc1 cxd4 21. Nxd4 a6 22. Nf3 Rxd1+ 23. Qxd1 Rd8 24. Rd2 Rxd2 25. Qxd2 Nd7 26. Qe3 Nc5 27. Bd4 Nd7 28. Qe4 Nb8 29. Qg4 Bf8 30. Be5 Qd8 31. Bf4 Qd1+ 32. Kh2 Bd6 33. Qg3 Bxf4 34. Qxf4 Qd8 35. g3 Nc6 36. Ne5 Nxe5 37. Qxe5 a5 38. c5 Qd2 39. Qb8+ Kh7 40. cxb6 1/2-1/2

[Event "Reykjavik Open 2025"]
[Site "Reykjavik"]
[Date "2025.04.11"]
[Round "4.89"]
[White "Belic, Nebojsa"]
[Black "Schellenpfeil, Wolfgang"]
[Result "1-0"]
[WhiteElo "1850"]
[WhiteFideId "9206099"]
[BlackElo "2079"]
[BlackFideId "6000207"]
[Variant "Standard"]
[StudyName "ROpen - Rd4 - Boards 45-108"]
1. c4 Nf6 2. Nc3 g6 3. g3 Bg7 4. Bg2 O-O 5. e3 d6 6. Nge2 Nc6 7. O-O e5 8. h3 Be6 9. b3 d5 10. cxd5 Nxd5 11. Bb2 Qd7 12. Kh2 Rad8 13. a3 f5 14. Nxd5 Bxd5 15. Bc3 Qe6 16. Bxd5 Qxd5 17. Qc2 g5 18. Rad1 Rd7 19. f4 gxf4 20. gxf4 e4 21. Rg1 Rff7 22. Rg2 Kf8 23. Bxg7+ Rxg7 24. Ng3 Ne7 25. Qc3 Qf7 26. Rdg1 Nd5 27. Qc5+ Rd6 28. Qxa7 Ke8 29. Qxb7 Kd7 30. Qb5+ Kc8 31. Qa4 Nb6 32. Qa6+ Kd7 33. Qb5+ Kc8 34. Nxf5 Rxg2+ 35. Rxg2 Rd5 36. Qa6+ Kd8 37. Nd4 Rh5 38. Qe2 Rc5 39. Qg4 Ke7 40. b4 Rc1 41. Qg5+ Kd7 42. Qe5 Qa2 43. Qxe4 1-0

[Event "Reykjavik Open 2025"]
[Site "Reykjavik"]
[Date "2025.04.11"]
[Round "4.90"]
[White "Borne, Niels"]
[Black "Haraldsson, Leif"]
[Result "1/2-1/2"]
[WhiteElo "2071"]
[WhiteFideId "602876"]
[BlackElo "1844"]
[BlackFideId "1710648"]
[Variant "Standard"]
[StudyName "ROpen - Rd4 - Boards 45-108"]
1. c4 g6 2. e4 Bg7 3. d4 d6 4. Nc3 Nd7 5. Nf3 e5 6. Be2 Ne7 7. h4 h6 8. d5 Nf6 9. Nh2 Bd7 10. Be3 c5 11. Nf1 a6 12. a4 Rb8 13. h5 g5 14. Rb1 a5 15. Rc1 Qc8 16. f3 Nh7 17. g4 Nf6 18. Rg1 Kf8 19. Nd2 Ne8 20. Ndb1 Nc7 21. Na3 Qd8 22. Bd2 Na6 23. Ncb5 Nc8 24. Bc3 b6 25. Bd2 Qe7 26. Nc2 Qe8 27. Rh1 Bf6 28. Ne3 Bd8 29. b3 Rb7 30. Qc2 Rg8 31. Kf2 f6 32. Nc3 Qf7 33. Qb1 Qe8 34. Rce1 Qf7 35. Bd1 Rg7 36. Ne2 Rh7 37. Ng3 Kg8 38. Ngf5 Kf8 39. Reg1 Ke8 40. Be2 Kf8 41. Qc1 Ke8 42. Bd3 Rh8 43. Bc3 Kf8 44. Bb1 Ke8 45. Qd2 Kf8 46. Ke1 Ke8 47. Qh2 Bc7 48. Qb2 Kf8 49. Rf1 Ke8 50. Ng3 Kd8 51. Ne2 Rg8 52. Rhg1 Ne7 53. Bd2 Qg7 54. Kd1 Kc8 55. Nc3 Rf8 56. Nb5 Bb8 57. Bc3 Kd8 58. Qd2 Nc8 1/2-1/2

[Event "Reykjavik Open 2025"]
[Site "Reykjavik"]
[Date "2025.04.11"]
[Round "4.91"]
[White "Verbitsky, Jaroslaw"]
[Black "Zhang, Onno"]
[Result "1-0"]
[WhiteElo "2065"]
[WhiteFideId "16214170"]
[BlackElo "1843"]
[BlackFideId "34643397"]
[Variant "Standard"]
[StudyName "ROpen - Rd4 - Boards 45-108"]
1. e4 c5 2. Nf3 d6 3. Bb5+ Bd7 4. Bxd7+ Nxd7 5. O-O Ngf6 6. Qe2 g6 7. c3 Bg7 8. d4 cxd4 9. cxd4 O-O 10. Nc3 Rc8 11. e5 dxe5 12. dxe5 Ng4 13. e6 Nc5 14. exf7+ Kh8 15. Rd1 Nd7 16. Ng5 Nge5 17. Ne6 Qb6 18. Nxf8 Rxf8 19. Be3 Qe6 20. Bd4 Qxf7 21. Ne4 b6 22. Ng5 Qf5 23. f4 h6 24. Nh3 Nc6 25. Bxg7+ Kxg7 26. Rac1 Nc5 27. b4 Nxb4 28. Qb2+ e5 29. Qxb4 1-0

[Event "Reykjavik Open 2025"]
[Site "Reykjavik"]
[Date "2025.04.11"]
[Round "4.92"]
[White "Oskarsson, Markus Orri"]
[Black "Duault, Alexis"]
[Result "0-1"]
[WhiteElo "2051"]
[WhiteFideId "2320118"]
[BlackElo "1833"]
[BlackFideId "36026913"]
[Variant "Standard"]
[StudyName "ROpen - Rd4 - Boards 45-108"]
1. d4 d5 2. c4 e6 3. Nc3 Nf6 4. cxd5 exd5 5. Bg5 c6 6. e3 h6 7. Bh4 Be7 8. Bd3 O-O 9. Nge2 Nbd7 10. Qc2 Ne8 11. Bg3 Ndf6 12. f3 c5 13. O-O c4 14. Bf5 Nd6 15. Bxc8 Rxc8 16. e4 dxe4 17. fxe4 Ng4 18. Qd2 Bg5 19. Bf4 b5 20. e5 b4 21. Bxg5 hxg5 22. exd6 Qxd6 23. Ng3 bxc3 24. bxc3 f6 25. Qe2 Nh6 26. Rab1 Rfe8 27. Qf3 g4 28. Nf5 Nxf5 29. Qxf5 g3 30. h3 Rc7 31. Rf3 Rce7 32. Rbf1 Re3 33. Qg4 R8e4 34. Qc8+ Kh7 35. Rxe3 Rxe3 36. Qxc4 Qa3 37. d5 Rxc3 38. Qe4+ Kh8 39. Qd4 Rd3 40. Qc4 a5 41. Rb1 Kh7 42. Qc2 f5 43. Qc4 Kg6 44. Qc6+ Kh7 45. Qc4 Kg6 46. Rf1 Qc3 47. Qxc3 Rxc3 48. Rd1 Kf7 49. d6 Ke8 50. Kf1 Rc2 51. Rd5 Rf2+ 52. Ke1 Rxg2 53. Rxf5 Rxa2 54. Kf1 0-1

[Event "Reykjavik Open 2025"]
[Site "Reykjavik"]
[Date "2025.04.11"]
[Round "4.93"]
[White "Geirsson, Kristjan"]
[Black "Boer, Alef"]
[Result "0-1"]
[WhiteElo "1830"]
[WhiteFideId "2313596"]
[BlackElo "2044"]
[BlackFideId "1007122"]
[Variant "Standard"]
[StudyName "ROpen - Rd4 - Boards 45-108"]
1. e4 e5 2. Nf3 Nf6 3. d4 Nxe4 4. dxe5 d5 5. exd6 Bxd6 6. Bd3 Nc5 7. Nc3 O-O 8. h3 Nxd3+ 9. Qxd3 Nc6 10. Be3 Nb4 11. Qd2 Bf5 12. Nd4 Bg6 13. Rc1 Be5 14. O-O c5 15. Nf3 Qxd2 16. Nxd2 b6 17. a3 Nxc2 18. Nc4 Bxc3 19. bxc3 Nxe3 20. Nxe3 Rfd8 21. Rfd1 Kf8 22. Rxd8+ Rxd8 23. Rd1 Rxd1+ 24. Nxd1 Ke7 25. Kf1 Kd6 26. Ke2 Kc6 27. Ke3 Kd5 28. Nb2 c4 29. f4 Bc2 30. g3 b5 31. Kf3 h5 32. h4 Bf5 33. Ke3 Bg4 0-1

[Event "Reykjavik Open 2025"]
[Site "Reykjavik"]
[Date "2025.04.11"]
[Round "4.94"]
[White "Harms, Reece"]
[Black "Brackmann, Hendrik"]
[Result "1-0"]
[WhiteElo "1825"]
[WhiteFideId "2647400"]
[BlackElo "2040"]
[BlackFideId "12905135"]
[Variant "Standard"]
[StudyName "ROpen - Rd4 - Boards 45-108"]
1. e4 e6 2. d4 d5 3. Nd2 Nc6 4. Ngf3 Nf6 5. e5 Nd7 6. a3 f6 7. Bb5 fxe5 8. dxe5 Be7 9. b3 O-O 10. Bb2 a5 11. O-O Qe8 12. Re1 Nc5 13. b4 axb4 14. axb4 Rxa1 15. Qxa1 Nd7 16. c3 Nb6 17. Qb1 Bd7 18. Bd3 Qh5 19. Nf1 g5 20. Ng3 Qf7 21. h3 Be8 22. Bc1 Qg7 23. Be3 h5 24. Bc5 h4 25. Bxe7 Nxe7 26. Nf1 Bh5 27. N1h2 Ng6 28. Bxg6 Bxg6 29. Qc1 Rf5 30. Nxg5 Qe7 31. Ngf3 Bh5 32. Ng4 Bxg4 33. hxg4 Rf7 34. Qh6 Rh7 35. Qg6+ Rg7 36. Qf6 Qxf6 37. exf6 Rxg4 38. Rxe6 Re4 39. Rxe4 dxe4 40. Ng5 Nd7 41. Nxe4 Kf7 42. g4 hxg3 43. fxg3 b5 44. g4 1-0

[Event "Reykjavik Open 2025"]
[Site "Reykjavik"]
[Date "2025.04.11"]
[Round "4.95"]
[White "Deboushnik, De"]
[Black "Hellerud, Lauritz Nissen"]
[Result "1-0"]
[WhiteElo "2038"]
[WhiteFideId "25768778"]
[BlackElo "1821"]
[BlackFideId "1570528"]
[Variant "Standard"]
[StudyName "ROpen - Rd4 - Boards 45-108"]
1. d4 Nf6 2. c4 c5 3. d5 b5 4. cxb5 a6 5. bxa6 g6 6. Nc3 Bxa6 7. e4 Bxf1 8. Kxf1 d6 9. Nf3 Bg7 10. g3 O-O 11. Kg2 Qb6 12. Qe2 Na6 13. Re1 Rfb8 14. Rb1 Nc7 15. b3 Nd7 16. Bb2 Qb4 17. Rec1 Ra7 18. Nd2 Nb5 19. Nxb5 Qxb5 20. Qxb5 Rxb5 21. Bxg7 Kxg7 22. a4 Rbb7 23. f4 f5 24. e5 dxe5 25. fxe5 Nxe5 26. Rxc5 Nd3 27. Rc8 Nb4 28. Rd8 Rd7 29. Rxd7 Rxd7 30. Nc4 Rxd5 31. a5 Rb5 32. Kf2 Kf6 33. Ke2 Ke6 34. Kd2 Kd7 35. Ra1 Na6 36. Kc3 Kc6 37. Re1 Rb7 38. Re6+ Kb5 39. Re5+ Kc6 40. Re6+ Kb5 41. Re2 Rd7 42. Re5+ Nc5 43. Nb2 Kc6 44. b4 Ne4+ 45. Kb3 Rb7 46. a6 Ra7 47. b5+ Kd6 48. Nc4+ Kd7 49. Kb4 Kc8 50. Nb6+ Kc7 51. Ka5 Kb8 52. Nd5 Nc5 53. Nxe7 1-0

[Event "Reykjavik Open 2025"]
[Site "Reykjavik"]
[Date "2025.04.11"]
[Round "4.96"]
[White "Kiss, Inez"]
[Black "Divry, Alexandre"]
[Result "0-1"]
[WhiteElo "1812"]
[WhiteFideId "17004306"]
[BlackElo "2036"]
[BlackFideId "16286006"]
[Variant "Standard"]
[StudyName "ROpen - Rd4 - Boards 45-108"]
1. e4 c6 2. c4 d5 3. cxd5 cxd5 4. exd5 Nf6 5. Nc3 Nxd5 6. Bc4 Nb6 7. Bb3 Nc6 8. Nf3 Bf5 9. d4 e6 10. O-O Be7 11. Re1 O-O 12. a3 Bf6 13. Be3 Qd6 14. Nb5 Qd7 15. Qd2 Be4 16. Bg5 Bxg5 17. Nxg5 Bf5 18. Rad1 Rad8 19. Nf3 Bg4 20. Re4 Bxf3 21. gxf3 Ne7 22. Nc3 Nbd5 23. Rg4 Nf6 24. Rg2 Ng6 25. d5 exd5 26. Nxd5 Nxd5 27. Bxd5 Qf5 28. Rg5 Qf6 29. Kh1 Nf4 30. Rdg1 g6 31. b4 Nxd5 32. Rxd5 Qxf3+ 33. Rg2 Rxd5 0-1

[Event "Reykjavik Open 2025"]
[Site "Reykjavik"]
[Date "2025.04.11"]
[Round "4.98"]
[White "Grettisson, Arnar Breki"]
[Black "Alquist, Erik"]
[Result "1/2-1/2"]
[WhiteElo "1794"]
[WhiteFideId "2322790"]
[BlackElo "2024"]
[BlackFideId "1707701"]
[Variant "Standard"]
[StudyName "ROpen - Rd4 - Boards 45-108"]
1. e4 e5 2. Nc3 Nf6 3. d4 d5 4. dxe5 Nxe4 5. Qxd5 Nxc3 6. Qxd8+ Kxd8 7. bxc3 Nc6 8. f4 Bc5 9. Bc4 Ke7 10. Nf3 Na5 11. Bd3 Be6 12. Ng5 Bd5 13. Ne4 Bb6 14. Ba3+ Ke8 15. Ke2 Nc4 16. Bc1 Ke7 17. Rb1 a5 18. Kf3 f5 19. exf6+ gxf6 20. Bxc4 Bxc4 21. Be3 Bxe3 22. Kxe3 b6 23. a3 Rhg8 24. Rhg1 Bd5 25. g4 Ke6 26. Rbd1 Rad8 27. g5 Bxe4 28. Rxd8 Rxd8 29. Kxe4 fxg5 30. Rxg5 Rd2 31. Rh5 Rxc2 32. Rxh7 Rxc3 33. f5+ Kf6 34. Rh6+ Kf7 35. Ke5 Rc5+ 36. Kf4 b5 37. Rh3 b4 38. axb4 axb4 39. Rb3 Rb5 40. Ke4 Kf6 41. Kd4 Rxf5 42. Kc4 c5 43. h4 Kg6 44. Re3 Rh5 45. Re8 Kf6 46. Re2 Re5 47. Rg2 Ke6 48. Rg6+ Kf5 49. h5 Kf4 50. h6 Rh5 51. Re6 Kf5 52. Rc6 Kg5 53. Rxc5+ Kxh6 54. Rxh5+ Kxh5 1/2-1/2

[Event "Reykjavik Open 2025"]
[Site "Reykjavik"]
[Date "2025.04.11"]
[Round "4.99"]
[White "Agustsson, Hafsteinn"]
[Black "Luk, Danbe"]
[Result "0-1"]
[WhiteElo "1784"]
[WhiteFideId "2302047"]
[BlackElo "2018"]
[BlackFideId "66203287"]
[Variant "Standard"]
[StudyName "ROpen - Rd4 - Boards 45-108"]
1. e4 c5 2. Nf3 Nc6 3. d3 d6 4. g3 g6 5. Bg2 Bg7 6. O-O Nf6 7. c3 O-O 8. Nbd2 e5 9. Qc2 h6 10. Nc4 Be6 11. Ne3 Qd7 12. Nh4 d5 13. f4 d4 14. f5 dxe3 15. fxe6 Qxe6 16. Bxe3 b6 17. Qd2 Kh7 18. Rf2 Rad8 19. Raf1 Rd6 20. Rd1 Rfd8 21. Qc2 Qxa2 22. h3 Qe6 23. Qe2 c4 24. g4 cxd3 25. Qf3 R8d7 26. g5 Ng8 27. Rfd2 Na5 28. gxh6 Bf6 29. Bf2 Qe7 30. Qg3 Bxh4 31. Qxh4 Qxh4 32. Bxh4 Nc4 0-1

[Event "Reykjavik Open 2025"]
[Site "Reykjavik"]
[Date "2025.04.11"]
[Round "4.100"]
[White "Petursson, Gudni"]
[Black "Fridthjofsdottir, Sigurl. Regina"]
[Result "1-0"]
[WhiteElo "1987"]
[WhiteFideId "2301725"]
[BlackElo "1743"]
[BlackFideId "2300788"]
[Variant "Standard"]
[StudyName "ROpen - Rd4 - Boards 45-108"]
1. d4 Nf6 2. Nc3 e6 3. Nf3 d5 4. a3 Be7 5. Bf4 a6 6. e3 O-O 7. Bd3 c5 8. O-O Nc6 9. dxc5 Bxc5 10. e4 dxe4 11. Nxe4 Nxe4 12. Bxe4 Qxd1 13. Raxd1 Ne7 14. b4 Bb6 15. c4 Ng6 16. Bd6 Re8 17. c5 Bd8 18. c6 Ra7 19. Bc5 Ra8 20. cxb7 Bxb7 21. Bxb7 1-0

[Event "Reykjavik Open 2025"]
[Site "Reykjavik"]
[Date "2025.04.11"]
[Round "4.101"]
[White "Erlendsson Weinert, Robin Peter"]
[Black "Gudmundsson, Gunnar Erik"]
[Result "0-1"]
[WhiteElo "1405"]
[WhiteFideId "2330954"]
[BlackElo "2018"]
[BlackFideId "2314339"]
[Variant "Standard"]
[StudyName "ROpen - Rd4 - Boards 45-108"]
1. e4 c5 2. Nf3 Nc6 3. d4 cxd4 4. Nxd4 e5 5. Nb5 d6 6. N1c3 a6 7. Na3 Be7 8. Bd3 Nf6 9. Bg5 O-O 10. Nc4 b5 11. Bxf6 Bxf6 12. Ne3 Bg5 13. Qe2 Nd4 14. Qf1 Bxe3 15. fxe3 Ne6 16. O-O-O Nc5 17. Qe2 Be6 18. h4 Qa5 19. Kb1 Rab8 20. Qd2 b4 21. Nd5 Na4 22. Ka1 Bxd5 23. exd5 Rfc8 24. Qe2 b3 25. cxb3 Rxb3 26. Qd2 Qxd2 27. Rxd2 Rb6 28. b3 Nc5 29. Rc1 Nxb3+ 30. axb3 Rxc1+ 31. Kb2 Rc5 32. e4 g6 33. g4 a5 34. Bc2 a4 35. Ka3 axb3 36. Bxb3 Rc3 37. Rb2 Re3 0-1

[Event "Reykjavik Open 2025"]
[Site "Reykjavik"]
[Date "2025.04.11"]
[Round "4.106"]
[White "Cornette, Matthieu"]
[Black "Eedle, Eric F"]
[Result "1-0"]
[WhiteElo "2528"]
[WhiteFideId "620084"]
[BlackElo "1972"]
[BlackFideId "429627"]
[Variant "Standard"]
[StudyName "ROpen - Rd4 - Boards 45-108"]
1. e4 c5 2. Nf3 Nc6 3. Bb5 g6 4. O-O Bg7 5. d3 e5 6. a3 Nge7 7. b4 d6 8. bxc5 dxc5 9. Bg5 Bd7 10. Bxe7 Qxe7 11. Nc3 O-O 12. Nd5 Qd8 13. a4 Nd4 14. Bxd7 Qxd7 15. Nd2 Kh8 16. c3 Ne6 17. Nc4 Nf4 18. Nce3 f5 19. f3 Rf7 20. Qb3 Raf8 21. Nxf4 exf4 22. Nd5 g5 23. Qc4 Qc8 24. Rab1 g4 25. a5 fxe4 26. dxe4 gxf3 27. Rxf3 a6 28. Nb6 Qc6 29. Rd1 Qg6 30. Re1 Rg8 31. Re2 Qh5 32. e5 Rf5 33. Nd7 Qg4 34. h3 Qg5 35. e6 Qe7 36. Qe4 Rg5 37. Qxf4 Rg6 38. Ne5 Bxe5 39. Qxe5+ Qg7 40. Qxg7+ R6xg7 41. e7 Re8 42. Rf8+ Rg8 43. Rxe8 Rxe8 44. Kf2 Kg7 45. Re4 Kf6 46. Ke3 Rxe7 47. Rxe7 Kxe7 48. Kd3 Kd6 49. Kc4 h5 50. g3 Ke6 51. g4 h4 52. g5 Kd6 53. g6 Ke6 54. Kxc5 Kf6 55. Kb6 Kxg6 56. Kxb7 Kf5 57. c4 Kf4 58. c5 1-0

[Event "Reykjavik Open 2025"]
[Site "Reykjavik"]
[Date "2025.04.11"]
[Round "4.107"]
[White "Estevez Sacristan, Deva"]
[Black "Kunin, Vitaly"]
[Result "0-1"]
[WhiteElo "1958"]
[WhiteFideId "32041101"]
[BlackElo "2522"]
[BlackFideId "4128737"]
[Variant "Standard"]
[StudyName "ROpen - Rd4 - Boards 45-108"]
1. e4 c5 2. Nf3 g6 3. d4 cxd4 4. Nxd4 Nc6 5. c4 Bg7 6. Be3 Nf6 7. Nc3 Ng4 8. Qxg4 Nxd4 9. Qd1 e5 10. Be2 d6 11. O-O O-O 12. Qd2 a6 13. f4 Nxe2+ 14. Nxe2 Be6 15. Rac1 exf4 16. Nxf4 Re8 17. Bd4 Be5 18. Qf2 Qf6 19. Bxe5 Qxe5 20. Nd5 Rf8 21. Nf6+ Kg7 22. b3 Qc5 23. Rcd1 Qxf2+ 24. Rxf2 Rfd8 25. Nd5 Rac8 26. Rfd2 Bg4 27. Rf1 b5 28. Ne3 Be6 29. cxb5 axb5 30. Rfd1 Kf6 31. Kf2 Ke5 32. Nd5 Rc5 33. Kf3 h5 34. h3 g5 35. Re1 Rdc8 36. Re3 Rc2 37. Ree2 Rxd2 38. Rxd2 f5 39. Nb4 fxe4+ 40. Ke2 g4 41. h4 d5 42. Nc2 g3 43. Ke1 Bg4 44. a4 bxa4 45. bxa4 d4 46. a5 e3 0-1

[Event "Reykjavik Open 2025"]
[Site "Reykjavik"]
[Date "2025.04.11"]
[Round "4.112"]
[White "Eustratiadis, Panagiotis"]
[Black "Schoffelmeer, Jetse"]
[Result "0-1"]
[WhiteElo "1579"]
[WhiteFideId "40100448"]
[BlackElo "1939"]
[BlackFideId "1084658"]
[Variant "Standard"]
[StudyName "ROpen - Rd4 - Boards 109-172"]
1. e4 c5 2. d4 cxd4 3. c3 dxc3 4. Nxc3 Nc6 5. Nf3 e6 6. Bc4 a6 7. O-O b5 8. Bb3 Bb7 9. a4 b4 10. Nd5 Na5 11. Re1 Nxb3 12. Qxb3 Bxd5 13. exd5 Nf6 14. Ng5 Be7 15. Nxf7 Kxf7 16. dxe6+ Kf8 17. Bg5 d6 18. Qxb4 h6 19. Bxf6 gxf6 20. Qe4 Rc8 21. Rac1 Rc5 22. f4 Qb6 23. Kh1 f5 24. Qf3 Rxc1 25. Rxc1 Qxb2 26. Qc6 Rg8 27. h4 Rg4 28. g3 Rxg3 29. Rc2 Qb1+ 30. Rc1 Qd3 31. Qa8+ Kg7 32. Rg1 Qe4+ 33. Qxe4 0-1

[Event "Reykjavik Open 2025"]
[Site "Reykjavik"]
[Date "2025.04.11"]
[Round "4.113"]
[White "Borne, Maxim"]
[Black "Teichmann, Alexander"]
[Result "0-1"]
[WhiteElo "1569"]
[WhiteFideId "652011933"]
[BlackElo "1934"]
[BlackFideId "24657735"]
[Variant "Standard"]
[StudyName "ROpen - Rd4 - Boards 109-172"]
1. d4 Nf6 2. c4 g6 3. Nc3 Bg7 4. e4 d6 5. Bd3 O-O 6. Nge2 e5 7. d5 a5 8. O-O Na6 9. b3 Nc5 10. Bc2 Nfd7 11. a3 f5 12. exf5 gxf5 13. f4 e4 14. Rb1 Rf6 15. b4 Na6 16. Be3 Rh6 17. Qe1 Bf6 18. Rb2 Qf8 19. Bb1 Qg7 20. Kh1 Nb6 21. Ba2 Na4 22. Rb3 Nxc3 23. Nxc3 axb4 24. Ne2 Nc5 25. Bxc5 dxc5 26. Qd2 Rxa3 27. Rxa3 bxa3 28. Qe3 Bd4 29. Qxa3 Ra6 30. Qb3 Rb6 31. Qa4 Rb2 32. Qe8+ Qf8 33. Qxf8+ Kxf8 34. Nc1 Be3 0-1

[Event "Reykjavik Open 2025"]
[Site "Reykjavik"]
[Date "2025.04.11"]
[Round "4.115"]
[White "Wartiovaara, Oliver"]
[Black "Solano, Juan Pablo"]
[Result "1-0"]
[WhiteElo "2359"]
[WhiteFideId "513024"]
[BlackElo "1929"]
[BlackFideId "3306003"]
[Variant "Standard"]
[StudyName "ROpen - Rd4 - Boards 109-172"]
1. e4 c6 2. d4 d5 3. f3 dxe4 4. fxe4 e5 5. Nf3 exd4 6. Bc4 Bb4+ 7. c3 dxc3 8. Bxf7+ Ke7 9. Qb3 c2+ 10. Qxb4+ Kxf7 11. O-O Qb6+ 12. Nd4+ Nf6 13. Qc4+ Kg6 14. Nc3 Be6 15. Qd3 Rd8 16. e5+ Kf7 17. Be3 c5 18. Qxh7 Nd7 19. exf6 Nxf6 20. Rxf6+ 1-0

[Event "Reykjavik Open 2025"]
[Site "Reykjavik"]
[Date "2025.04.11"]
[Round "4.116"]
[White "Sonne, Lasse"]
[Black "Bjornsson, Sigurbjorn"]
[Result "0-1"]
[WhiteElo "1929"]
[WhiteFideId "1477161"]
[BlackElo "2303"]
[BlackFideId "2300974"]
[Variant "Standard"]
[StudyName "ROpen - Rd4 - Boards 109-172"]
1. e4 c5 2. d4 cxd4 3. c3 Nf6 4. e5 Nd5 5. Nf3 e6 6. cxd4 d6 7. Bc4 Nc6 8. O-O Be7 9. Qe2 O-O 10. Nc3 Nxc3 11. bxc3 dxe5 12. dxe5 Qa5 13. Rb1 a6 14. Qe4 Qa4 15. Qe2 b5 16. Bb3 Qa5 17. Qe4 Bb7 18. Bc2 g6 19. Bg5 Bxg5 20. Nxg5 Qxc3 21. Rfe1 Qd4 22. Qf3 Qh4 23. Nh3 Rab8 24. Re4 Qh6 25. Qg3 Qd2 26. Bb3 Nd4 27. Qh4 Bxe4 28. Ng5 Ne2+ 29. Kh1 Bxg2+ 30. Kxg2 h5 31. Nxf7 Rxf7 0-1

[Event "Reykjavik Open 2025"]
[Site "Reykjavik"]
[Date "2025.04.11"]
[Round "4.117"]
[White "Tirronen, Esa"]
[Black "Jaksland, Tim"]
[Result "1/2-1/2"]
[WhiteElo "1923"]
[WhiteFideId "1735810"]
[BlackElo "2140"]
[BlackFideId "1401084"]
[Variant "Standard"]
[StudyName "ROpen - Rd4 - Boards 109-172"]
1. d4 Nf6 2. c4 e6 3. Nc3 Bb4 4. e3 O-O 5. Ne2 c6 6. a3 Ba5 7. b4 Bc7 8. d5 d6 9. Ng3 a5 10. Rb1 axb4 11. axb4 Na6 12. Be2 c5 13. b5 Ba5 14. Bb2 Nb4 15. O-O Qe7 16. Bf3 e5 17. e4 g6 18. Be2 Bd8 19. Bc1 Ne8 20. f4 f6 21. Bd2 Ng7 22. Na4 Ba5 23. Ra1 Bd7 24. fxe5 fxe5 25. Rxf8+ Qxf8 26. Qb3 Qd8 27. Qf3 Nc2 28. Bxa5 Rxa5 29. Rf1 Bf5 30. exf5 Nd4 31. Qa3 gxf5 32. Bd1 Qg5 33. Qc3 Ra8 34. Nb2 h5 35. Ne2 h4 36. Nxd4 cxd4 37. Qd3 Ra2 38. Qb3 h3 39. Rf2 Ra1 40. Qxh3 e4 41. Qb3 f4 42. Rf1 f3 43. Bxf3 Rxf1+ 44. Kxf1 exf3 45. gxf3 Qd2 46. Nd1 Nf5 47. Qb1 Ne3+ 48. Nxe3 dxe3 49. Qe1 Qd3+ 50. Qe2 Qb1+ 51. Kg2 Qg6+ 52. Kf1 Qb1+ 53. Kg2 Qg6+ 54. Kf1 1/2-1/2

[Event "Reykjavik Open 2025"]
[Site "Reykjavik"]
[Date "2025.04.11"]
[Round "4.118"]
[White "Baldvinsson, Loftur"]
[Black "Elier, Ali"]
[Result "0-1"]
[WhiteElo "1920"]
[WhiteFideId "2301261"]
[BlackElo "2125"]
[BlackFideId "16217543"]
[Variant "Standard"]
[StudyName "ROpen - Rd4 - Boards 109-172"]
1. e4 e5 2. Nf3 Nc6 3. d4 exd4 4. Nxd4 Nf6 5. Nc3 Bb4 6. Nxc6 bxc6 7. Bd3 O-O 8. O-O Re8 9. Qf3 h6 10. Bf4 d6 11. h3 Nd7 12. Rad1 Qf6 13. Qg3 Nc5 14. Rfe1 Ne6 15. Bd2 Nc5 16. f4 Nxd3 17. cxd3 Rb8 18. Kh1 Qg6 19. Qf3 f5 20. exf5 Bxf5 21. Qxc6 Bxd3 22. Rxe8+ Rxe8 23. a3 Bxc3 24. Bxc3 Re3 25. Qd7 Rg3 26. Rd2 Be4 27. f5 Bxf5 28. Rf2 0-1

[Event "Reykjavik Open 2025"]
[Site "Reykjavik"]
[Date "2025.04.11"]
[Round "4.119"]
[White "Wildenrath, Dirk"]
[Black "Ragnarsson, Johann"]
[Result "0-1"]
[WhiteElo "2221"]
[WhiteFideId "4683188"]
[BlackElo "1908"]
[BlackFideId "2301040"]
[Variant "Standard"]
[StudyName "ROpen - Rd4 - Boards 109-172"]
1. c4 e6 2. Nc3 d5 3. d4 c6 4. g3 dxc4 5. Bg2 Nd7 6. Nf3 Ngf6 7. Bf4 Nd5 8. Bd2 b5 9. O-O Be7 10. e4 Nxc3 11. bxc3 Ba3 12. d5 cxd5 13. exd5 e5 14. Re1 O-O 15. Nxe5 Nxe5 16. Rxe5 Bb7 17. Qh5 Bd6 18. Be4 g6 19. Rg5 Qd7 20. Bg2 f6 21. Rg4 Bc8 22. Bh3 Qxg4 23. Qxg4 Bxg4 24. Bxg4 f5 25. Bf3 a5 0-1

[Event "Reykjavik Open 2025"]
[Site "Reykjavik"]
[Date "2025.04.11"]
[Round "4.120"]
[White "Winnubst, Paul"]
[Black "Hulshof, Peter"]
[Result "1/2-1/2"]
[WhiteElo "1906"]
[WhiteFideId "40101460"]
[BlackElo "2123"]
[BlackFideId "1003291"]
[Variant "Standard"]
[StudyName "ROpen - Rd4 - Boards 109-172"]
1. d4 d5 2. c4 c6 3. Nc3 Nf6 4. cxd5 cxd5 5. Nf3 Nc6 6. Bf4 a6 7. e3 Bf5 8. Bd3 Bxd3 9. Qxd3 e6 10. Ne5 Nxe5 1/2-1/2